Cristal quebrado : testimonio de un vidriero regiomontano /

Testimonio de la lucha sindical de Juan de la Rosa Téllez, obrero coahuilense y dirigente sindicalista, sobre todo en el conflicto laboral suscitado en Cristalería S.A., entre 1978 y 1979 en Monterrey, Nuevo León.

Tallennettuna:
Bibliografiset tiedot
Päätekijä: Garza H., Luis Lauro (autor)
Aineistotyyppi: Kirja
Kieli:espanja
Julkaistu: México : Siglo XXI, 1988, c1988
Sarja:(Historia Inmediata)
Aiheet:
Tagit: Lisää tagi
Ei tageja, Lisää ensimmäinen tagi!

MARC

LEADER 00000nam^a2200000^a^4500
001 000350864
005 20250521000000.0
009 20260310114955.145
020 |a 968-23-1450-X 
037 |a Acervo Xavier Clavigero 
041 |a ESP 
082 |a 322. 2  |b GAR 
100 |a Garza H., Luis Lauro  |e (autor) 
245 1 0 |a Cristal quebrado :  |b testimonio de un vidriero regiomontano /  |c L.L. Garza. 
264 4 |a México :  |b Siglo XXI,  |c 1988, c1988 
300 |a 252 p. 
336 |a texto  |b txt  |2 rdacontenido 
337 |a sin mediación  |b n  |2 rdamedio 
338 |a volumen  |b nc  |2 rdasoporte 
440 1 |a (Historia Inmediata) 
520 |a Testimonio de la lucha sindical de Juan de la Rosa Téllez, obrero coahuilense y dirigente sindicalista, sobre todo en el conflicto laboral suscitado en Cristalería S.A., entre 1978 y 1979 en Monterrey, Nuevo León. 
649 |a XX 
650 |a Obreros Mexicanos -  |x Memorias 
650 |a Sindicalismo -  |z Monterrey, Nuevo León 
650 |a Sindicalismo -  |z México 
650 |a Movimientos Obreros -  |z Monterrey, Nuevo León -  |x Tema Principal 
650 |a Movimientos Obreros -  |z México 
650 |a Movimientos Sociales -  |z Monterrey, Nuevo León 
650 |a Movimientos Sociales -  |z México 
650 |a Industria del Vidrio -  |z Monterrey, Nuevo León 
650 |a Industria del Vidrio -  |z México 
650 |a Política -  |z Monterrey, Nuevo León -  |x Historia -  |z Siglo XX 
650 |a Política -  |z México -  |x Historia -  |y Siglo XX 
650 |a Rosa Téllez, Juan de la -  |x Tema Principal 
910 |a Fondo General 
920 |a Impresos - Libros 
930 |a Colección General 
905 |a 101 
901 |a 0500241516  |b IT1  |c ACC  |i FXC D1688  |u 20250521 
902 |a https://opac.biblio.iteso.mx/vufind/Record/000350864